Number theory : (Record no. 16385)
[ view plain ]
| 000 -LEADER | |
|---|---|
| fixed length control field | 01632cam a2200349 i 4500 |
| 001 - CONTROL NUMBER | |
| control field | 15797578 |
| 003 - CONTROL NUMBER IDENTIFIER | |
| control field | EG-ScBUE |
| 005 - DATE AND TIME OF LATEST TRANSACTION | |
| control field | 20240919135547.0 |
| 008 - FIXED-LENGTH DATA ELEMENTS--GENERAL INFORMATION | |
| fixed length control field | 090630t2009 ne a f b 001 0 eng d |
| 020 ## - INTERNATIONAL STANDARD BOOK NUMBER | |
| International Standard Book Number | 9780387894850 (pbk. : acidfree paper) |
| 020 ## - INTERNATIONAL STANDARD BOOK NUMBER | |
| International Standard Book Number | 0387894853 (pbk. : acidfree paper) |
| 040 ## - CATALOGING SOURCE | |
| Original cataloging agency | CDM |
| Language of cataloging | eng |
| Description conventions | rda |
| Transcribing agency | CDM |
| Modifying agency | ORX |
| -- | CDX |
| -- | BTCTA |
| -- | BWX |
| -- | OHX |
| -- | YDXCP |
| -- | AUW |
| -- | DLC |
| -- | EG-ScBUE |
| 082 04 - DEWEY DECIMAL CLASSIFICATION NUMBER | |
| Classification number | 512.7 |
| Edition number | 22 |
| Item number | COP |
| 100 1# - MAIN ENTRY--PERSONAL NAME | |
| Personal name | Coppel, W. A., |
| Relator term | author. |
| 9 (RLIN) | 28606 |
| 245 10 - TITLE STATEMENT | |
| Title | Number theory : |
| Remainder of title | an introduction to mathematics / |
| Statement of responsibility, etc | W. A. Coppel. |
| 250 ## - EDITION STATEMENT | |
| Edition statement | Second edition. |
| 264 #1 - PUBLICATION, DISTRIBUTION, ETC. (IMPRINT) | |
| Place of publication, distribution, etc | Dordrecht : |
| Name of publisher, distributor, etc | Springer, |
| Date of publication, distribution, etc | [2009] |
| 264 #4 - PUBLICATION, DISTRIBUTION, ETC. (IMPRINT) | |
| Date of publication, distribution, etc | c2009 |
| 300 ## - PHYSICAL DESCRIPTION | |
| Extent | xiii, 610 pages : |
| Other physical details | illustrations ; |
| Dimensions | 24 cm. |
| 336 ## - CONTENT TYPE | |
| Source | rdacontent |
| Content type term | text |
| Content type code | txt |
| 337 ## - MEDIA TYPE | |
| Media type term | unmediated |
| Source | rdamedia |
| Media type code | n |
| 338 ## - CARRIER TYPE | |
| Carrier type term | volume |
| Carrier type code | nc |
| Source | rdacarrier |
| 490 0# - SERIES STATEMENT | |
| Series statement | Universitext |
| 504 ## - BIBLIOGRAPHY, ETC. NOTE | |
| Bibliography, etc | Includes bibliographical references and index. |
| 505 0# - FORMATTED CONTENTS NOTE | |
| Formatted contents note | The expanding universe of numbers --Divisibility -- More on divisibility -- Continued fractions and their uses -- Hadamard's determinant problem -- Hensel's p-adic numbers -- The arithmetic of quadratic forms -- The geometry of numbers -- The number of prime numbers -- A character study -- Uniform distribution and ergodic theory -- Elliptic functions -- Connections with number theory. |
| 650 #7 - SUBJECT ADDED ENTRY--TOPICAL TERM | |
| Topical term or geographic name as entry element | Number theory |
| Form subdivision | Textbooks. |
| Source of heading or term | BUEsh |
| 9 (RLIN) | 28608 |
| 653 ## - INDEX TERM--UNCONTROLLED | |
| Arrived date list | February2012 |
| 655 ## - INDEX TERM--GENRE/FORM | |
| Form subdivision | Reading book |
| 942 ## - ADDED ENTRY ELEMENTS (KOHA) | |
| Source of classification or shelving scheme | Dewey Decimal Classification |
| Koha item type | Book - Borrowing |
| Withdrawn status | Lost status | Source of classification or shelving scheme | Damaged status | Not for loan | Collection code | Home library | Current library | Shelving location | Date acquired | Source of acquisition | Cost, normal purchase price | Serial Enumeration / chronology | Total Checkouts | Total Renewals | Full call number | Barcode | Date last seen | Date checked out | Price effective from | Koha item type |
|---|---|---|---|---|---|---|---|---|---|---|---|---|---|---|---|---|---|---|---|---|
| Dewey Decimal Classification | Osiris | Central Library | Central Library | First floor | 05/02/2012 | Purchase | 617.00 | 11640 | 1 | 29 | 512.7 COP | 000025987 | 15/07/2025 | 15/11/2017 | 05/02/2012 | Book - Borrowing |